| 000 | 01097nam a22002537a 4500 | ||
|---|---|---|---|
| 005 | 20230624085640.0 | ||
| 008 | 230624b ||||| |||| 00| 0 eng d | ||
| 020 | _a8186962166 | ||
| 040 | _cAL | ||
| 041 | _aeng | ||
| 082 |
_223 _a330.122 _bAMIS |
||
| 100 |
_aSamir Amin _9124724 |
||
| 245 |
_aSpectres of Capitalism: _bA critique of Current Intellectual Fashions |
||
| 260 |
_aAhmedabad _bRainbow Publishers _c1999 |
||
| 300 |
_a131p. _bHB _c22x14cm. |
||
| 365 | _2Economics | ||
| 520 | _aAmin, one of the most influential economists today, examines the changing notion of crisis in capitalism; misconceptions of the free market model; the various distortions of Marx's method; the role of culture in revolutions; the decline of the "law of value" in economics; the philosophical roots of postmodernism; how telecommunications affect ideology; and the myth of "pure economics." | ||
| 650 |
_aCapitalism _9124725 |
||
| 650 |
_aPolitical Economy _9124726 |
||
| 650 |
_aSocial Revolution _9124727 |
||
| 650 |
_aCommunications _9124728 |
||
| 700 |
_aAMIN (Samir) _9124729 |
||
| 942 |
_2ddc _cDB |
||
| 999 |
_c227638 _d227638 |
||